000 00326nam a22001337a 4500
008 170714b xxu||||| |||| 00| 0 eng d
020 _a9780198601036
041 _aeng
080 _a030
100 _a24
101 _aFJA
245 _aTHE OXFORD DICTIONARY 20 TH CENTURY QUATATIONS
_cKNOWLES.E
942 _2udc
_cBK
999 _c20853
_d20853